00413nmm a2200133Ia 4500008004100000020001800041041000800059100002100067245002100088264008000109300001600189650002300205856005100228251105s9999||||xx |||||||||||||||||und|| a9788467173123 aspa aRogers, Rosemary 0aCautiva del amor a[Madrid, España] :bHarlequin, c[Fecha de publicación no identificada] a0 páginas aHistorical fiction uhttps://public.digitaliapublishing.com/a/95979